| 000 | 00786nam a2200253Ia 4500 | ||
|---|---|---|---|
| 003 | OSt | ||
| 005 | 20220925204753.0 | ||
| 006 | a|||||r|||| 00| 0 | ||
| 007 | ta | ||
| 008 | 220923b |||||||| |||| 00| 0 eng d | ||
| 037 | _cGeneral Book | ||
| 040 |
_aRTL _cRTL _beng |
||
| 041 |
_2eng _aeng |
||
| 082 | _aNB,3-211H.N7, L5/GD | ||
| 110 |
_aTamil Nadu, Town And Country Planning (D/O-) _9268905 |
||
| 245 | 0 |
_aTirunelveli-Kanyakumari region _b A draft |
|
| 260 |
_aGummary _bGovt of Tamil Nadu India _c1975 |
||
| 300 |
_a11p., 5 Maps _ccm. |
||
| 650 |
_a Town Planning _9235645 |
||
| 650 |
_aFine Arts _934717 |
||
| 700 |
_aTamil Nadu, Town And Country Planning (D/O-) _9268906 |
||
| 942 |
_hNB,3-211H.N7, L5/GD _cGB _2CC |
||
| 999 |
_c550368 _d550368 |
||